| 000 | 00953nam a22002657a 4500 | ||
|---|---|---|---|
| 005 | 20091022152619.0 | ||
| 008 | 091022t xxu||||| |||| 00| 0 eng d | ||
| 010 | _aENG-95174 | ||
| 020 |
_a9780070672857 _c275.00 |
||
| 020 |
_a0070672857 _c275.00 |
||
| 035 | _aEN-78707 | ||
| 040 | _aDPL | ||
| 082 | _a621.3822 | ||
| 100 | _aPoornachandra, R. | ||
| 245 |
_aSignals and Systems _cby S.Poornachandra [and] B. Sasikala |
||
| 250 | _a3rd.ed. | ||
| 260 |
_aNew Delhi _bTata McGraw-Hill Education _c2010 |
||
| 270 |
_a7, West Patel Nagar _bNew Delhi _e110008 |
||
| 300 |
_aVarious pagings _c24cm (Pbk) |
||
| 500 | _aIncludes index | ||
| 700 | _aSasikala, B. | ||
| 942 |
_2ddc _cEN _mPOO _h621.3822 |
||
| 999 |
_c31010 _d31010 |
||